MARC

LEADER 00000nam0a2200000 4500
001 278876
005 20231101235145.0
035 |a (RuTPU)RU\TPU\book\302154 
090 |a 278876 
100 |a 20141215d1986 km y0rusy50 ca 
101 0 |a rus 
102 |a RU 
105 |a a z 001zy 
200 1 |a Формализация проектирования процессов обработки резанием  |f В. Г. Старостин, В. Е. Лелюхин 
210 |a Москва  |c Машиностроение  |d 1986 
215 |a 135 с.  |c ил. 
225 1 |a Библиотека технолога 
320 |a Библиогр.: с. 133-134 
606 1 |a Резание металлов  |x Технологическое проектирование  |x Математические методы  |2 stltpush  |3 (RuTPU)RU\TPU\subj\24553  |9 48879 
610 1 |a технологические процессы 
610 1 |a проектирование 
610 1 |a формализация 
610 1 |a обработка резанием 
610 1 |a ЧПУ 
610 1 |a поверхности 
610 1 |a технологические операции 
675 |a 621.91:658.5  |v 4 
700 1 |a Старостин  |b В. Г.  |g Владимир Георгиевич 
701 1 |a Лелюхин  |b В. Е.  |g Владимир Егорович 
801 1 |a RU  |b 63413507  |c 20141215 
801 2 |a RU  |b 63413507  |c 20190404  |g RCR 
942 |c BK